000 00276nam a2200109Ia 4500
005 20251222175926.0
008 251222s9999||||xx |||||||||||||| ||spa||
020 _a8423411265
082 _a350/D63E
245 0 _aEstructura, Organización y Eficacia de la Empresa
942 _cLIB
999 _c40837
_d40837